000
00198nam a2200085 4500
001
1258765
005
20260327103635.0
245
_a
TEMEL-KARADENİZ FIKRALARI
_c
DEFNE GÜLER
260
_b
ÇOCUK GEZGİNİ
999
_c
1258765
_d
1258765